| 000 | 00672cam a2200241 i 4500 | ||
|---|---|---|---|
| 001 | 3634958 | ||
| 005 | 20180813071804.0 | ||
| 008 | 760217m19759999oru b 001 0 eng | ||
| 010 | _a 75027000 | ||
| 020 | _a0916154106 (set) | ||
| 020 | _z0916154009 | ||
| 040 |
_aDLC _cDLC _dDLC |
||
| 041 | _aeng | ||
| 080 | _a618.928 PAT | ||
| 082 | 0 | 0 | _a618.928 PAT |
| 100 | _a10 | ||
| 101 | _aGJIN | ||
| 245 | 0 | 2 |
_aA Social learning approach to family intervention / _cG. R. Patterson ... [et al.]. |
| 504 | _aIncludes bibliographies and indexes. | ||
| 740 | 0 | _aSocial interactional approach. | |
| 906 |
_a7 _bcbc _corignew _d2 _eocip _f19 _gy-gencatlg |
||
| 942 |
_2ddc _cBK |
||
| 999 |
_c47034 _d47034 |
||